Le corde dell'arpa

में बचाया:
ग्रंथसूची विवरण
मुख्य लेखक: Coccioli, Carlo
स्वरूप: पुस्तक
भाषा:अंग्रेज़ी
टैग: टैग जोड़ें
कोई टैग नहीं, इस रिकॉर्ड को टैग करने वाले पहले व्यक्ति बनें!

MARC

LEADER 00000nam a2200000 4500
001 CDOM0000002853
003 mi
005 20250829143110.0
008 250731b |||||||| |||| 00| 0 eng d
040 |c mi 
100 |a Coccioli, Carlo 
245 1 |a Le corde dell'arpa  
942 |2 ddc  |c BK 
952 |0 0  |1 0  |2 ddc  |4 0  |7 0  |9 6286  |a MI  |b MI  |d 2006-11-22  |i 5275  |l 0  |p CDOM5275  |r 2025-07-13 16:28:00  |w 2025-07-13  |x ACQUISTO  |y BK 
999 |c 5038  |d 5038